000 01209nam a2200457 a 4500
003 AR-BaBNM
005 20251128203505.0
008 082120s2002 ||||||||||||||000 | spa||
040 _cAR-BaBNM
100 1 _aMorley, Sylvanus G.
245 0 0 _aLa civilización Maya
250 _a1ª ed.
260 _aMéxico, D.F.
_bFondo de Cultura Económica
_c1947
300 _a573 p.
_bláms., il., mapas
490 0 _aAntropologia
500 _aContiene índice analítico p.543-558
504 _aBibliografía para consultar p.511-539
650 4 _aARTE
650 4 _aETNOLOGIA
650 4 _aARQUEOLOGIA
650 4 _aGEOGRAFIA FISICA
650 4 _aABORIGENES
650 4 _aPOBLACIONES ABORIGENES
650 4 _aARQUEOLOGIA
650 4 _aSOCIEDAD
650 4 _aECONOMIA
650 4 _aRELIGION
650 4 _aPOLITICA
650 4 _aAGRICULTURA
650 4 _aLITERATURA
650 4 _aESCULTURA
650 4 _aPINTURA
650 4 _aHISTORIA LATINOAMERICANA
651 4 _aMéxico
651 4 _aGuatemala
700 1 _aRecinos, Adrián
_etraductor
800 1 _aCaso, Alfonso
_edirector
800 1 _aRubín de la Borbolla, Daniel F.
_edirector
942 _cBK
998 _cmariana
999 _c3627
_d3627